000 00582nam a2200205Ia 4500
005 20250508170143.0
008 008 250505s9999 xx 000 0 eng d
020 _a0-948006-25-0
037 _aTextual
040 _aFEDL
_beng
_cFEDL
041 _aeng
_2eng
084 _a428.43, FLO
_qFEDL
100 _aFlood James
245 0 _aPromoting reading comprehension
260 _aNewark
_bNewark International Reading Association
300 _aviii, 310p.
546 _aGifted by Prof. Poonam Batra
942 _cTEXL
_h428.43, FLO
999 _c1399492
_d1399492